| 000 | 00651nam a2200217 i 4500 | ||
|---|---|---|---|
| 001 | 56510 | ||
| 003 | ES-MaACL | ||
| 005 | 20230906163404.0 | ||
| 007 | t| | ||
| 008 | 170912s1973 sp ||||1| spa d | ||
| 020 | _a84-7232-201-7 | ||
| 080 | _a821.134.2(728.5)-14"19" | ||
| 100 | 1 |
_aGutiérrez, Ernesto. _961045 |
|
| 245 | 1 | 0 |
_aTemas de la Hélade / _cErnesto Gutiérrez. |
| 260 |
_aMadrid : _bCultura Hispánica, _c1973. |
||
| 300 |
_a67 p. ; _c20 cm. |
||
| 490 | 1 |
_aColección poética "Leopoldo Panero" ; _v22 |
|
| 830 | 1 |
_aColección poética "Leopoldo Panero" ; _v22 _9182594 |
|
| 852 |
_aES-MaACL _jP-2 Nº 22 |
||
| 999 |
_c56510 _d56510 |
||